Más allá del diagnóstico: reflexiones sobre la deuda pública /
Сохранить в:
| Главный автор: | |
|---|---|
| Другие авторы: | |
| Формат: | Текст |
| Предметы: | |
| Метки: |
Добавить метку
Нет меток, Требуется 1-ая метка записи!
|
MARC
| LEADER | 00000 a a2200000 04500 | ||
|---|---|---|---|
| 001 | 17206 | ||
| 003 | |||
| 040 | |||
| 100 | |a Vargas Pagán, Carlos | ||
| 245 | |a Más allá del diagnóstico: |b reflexiones sobre la deuda pública / |c Carlos Vargas Pagán ; Nogui Acosta Jaén | ||
| 650 | |a DEUDA PUBLICA | ||
| 650 | |a DEFICIT FISCAL | ||
| 650 | |a DEUDA EXTERNA | ||
| 650 | |a DEFICIT FISCAL | ||
| 650 | |a DEUDA EXTERNA | ||
| 700 | |a Acosta Jaén, Nogui | ||
| 773 | |g volumen 9, número 3; páginas 22-49 | ||
| 999 | |c 39781 |d 39781 | ||
